Cestovné kancelárie a uplatňovanie DPH s príkladmi

Bibliographic Details
Main Author: Zuziková, Alena (Author)
Format: Article
Language:Slovak
ISSN:1335-4329
Subjects:

MARC

LEADER 00000nab a2200000 a 4500
001 vtls000813028
003 SK-MaSNL
005 20260304103505.0
008 250429c2002 xo 0 slo
015 |a SNBRB2002/11-37973 
035 |a CLN000164683 
035 |a urn:nbn:sk:snk-ab77na 
035 |a (uuid)0b441a7e-5e50-49e6-967c-ff617fc36215 
035 |a (urnnbn)urn:nbn:sk:snk:ar-a073v1 
035 |a (sysno)vtls000813028 
040 |a SNKBUCL  |b slo  |c SNKBUCL  |e AACR2 
041 0 |a slo 
044 |a xo  |c SK 
080 |a 336.271.1:338.48:061.66  |2 1997 
080 |a 338.48  |2 1997 
100 1 |a Zuziková, Alena  |4 aut  |9 13917 
245 1 0 |a Cestovné kancelárie a uplatňovanie DPH s príkladmi  |c Alena Zuziková 
650 0 7 |a kancelárie cestovné  |x daň z pridanej hodnoty  |2 snkbucl  |9 1401941 
650 0 7 |a daň z pridanej hodnoty  |2 snkbucl  |9 2119 
655 7 |a články z novín a časopisov  |2 snkbucl  |9 267496 
773 0 |t Manažment, mzdy a financie  |g Roč. 9, č. 10 (2002), s. 37-47  |x 1335-4329 
850 |a Slovenská národná knižnica 
852 |a Slovenská národná knižnica 
954 |a odborná, vedecká literatúra pôvodná (slovenská)  |2 lita 
958 |a article2022 
958 |a OND 
958 |a SK 
958 |a EUIPO 
999 |c 2849039  |d 2850969